| 000 | 01136cam a22003377a 4500 | ||
|---|---|---|---|
| 003 | CHAP | ||
| 005 | 20220329135818.0 | ||
| 008 | 971017s1992 mx ab r 00010 spa d | ||
| 010 | _a42648 | ||
| 011 | _a43620 | ||
| 035 | _a47756 | ||
| 040 | _cCHAP | ||
| 082 | 0 | 4 |
_a917.2 _bI55 Col. |
| 110 | 2 |
_aInstituto Nacional de Estadística, Geografía e Informática. México _959304 |
|
| 245 | 1 | 0 |
_aGuía turística urbana _b: Colima |
| 260 |
_aAguascalientes, Ags. : _bINEGI, _c198- 19- |
||
| 300 |
_av. _b: ilus. ; + 1 mapa |
||
| 500 | _aLa biblioteca tiene: v.1 Manzanillo | ||
| 500 | _aTítulo varía: México guía turística | ||
| 590 |
_aBATCH-UPD _b10 _c20130110 _lUCH01 _h1332 |
||
| 590 |
_aBATCH-UPD _b10 _c20130410 _lUCH01 _h0836 |
||
| 590 |
_aBATCH-UPD _b10 _c20130914 _lUCH01 _h1008 |
||
| 590 |
_aCONVERSION _b10 _c20130109 _lUCH01 _h1323 |
||
| 650 | 1 | 4 |
_aColima _xDescripción y viaje. _925163 |
| 650 | 1 | 4 |
_aMéxico _xDescripción y viaje. _976737 |
| 790 | 0 | _aMéxico guía turística | |
| 901 | _aBK | ||
| 905 | _aMarco A. Mendoza T. | ||
| 942 | _cLIBRO | ||
| 949 |
_a917.2 I55 Col. _bBC _cESP _d-108425 _eESP _fv.1 _h89095 _i47756 _sb |
||
| 999 |
_c42648 _d42648 |
||